Aromatické izbové rastliny

Bibliographic Details
Main Author: Tokárová, Ľ. (Author)
Format: Article
Language:Slovak
PhysicalDescription:Obr. 4.
Subjects:

MARC

LEADER 00000nab a2200000 a 4500
001 vtls000105747
003 SK-MaSNL
005 20260303123334.0
008 111104c1982 xo 0 slo
015 |a SNBRB19rr/mm-uuuuu 
035 |a CL0115850 
040 |a SNKBUCL  |b slo  |c SNKBUCL  |e AACR2 
041 0 |a slo 
044 |a xo  |c SK 
080 |a 635.9  |2 1981 
100 1 |a Tokárová, Ľ.  |4 aut  |9 786565 
245 1 0 |a Aromatické izbové rastliny  |c Ľ. Tokárová 
300 |b Obr. 4. 
650 0 7 |a aromatické rastliny  |2 SNKPH  |9 4173 
650 0 7 |a izbové rastliny  |2 SNKPH  |9 1079 
655 7 |a články z novín a časopisov  |2 SNK  |9 267496 
773 0 |t Záhradkár  |g Roč. 18, č. 1 (1982), s. 14-15 
850 |a Slovenská národná knižnica v Martine  |a MTA001 
852 |a SNK  |b KIS3GCP 
958 |a RK 
992 |a RBX 
999 |c 1925373  |d 1927303